Globalization and Indian society (Record no. 195641)

MARC details
000 -LEADER
fixed length control field 00491nam a2200169Ia 4500
008 - FIXED-LENGTH DATA ELEMENTS--GENERAL INFORMATION
fixed length control field 191130s2009##################000#0#eng##
020 ## - INTERNATIONAL STANDARD BOOK NUMBER
ISBN 9788183762212
082 ## - DEWEY DECIMAL CLASSIFICATION NUMBER
Classification number 338.925 BAB
100 ## - MAIN ENTRY--AUTHOR NAME
Personal name Agarwal, Babita
245 ## - TITLE STATEMENT
Title Globalization and Indian society
Statement of responsibility, etc Babita Agarwal ; Anil Agarwal
260 ## - PUBLICATION, DISTRIBUTION, ETC. (IMPRINT)
Place of publication [no place]
Name of publisher [publisher not identified]
Year of publication 2009
700 ## - ADDED ENTRY--PERSONAL NAME
Personal name Agarwal, Anil
991 ## -
-- 299018
Holdings
Withdrawn status Lost status Damaged status Not for loan Home library Current library Date acquired Full call number Accession Number Price effective from Koha item type
        Anna Centenary Library Anna Centenary Library 13.10.2020 338.925 BAB 327969 13.10.2020 English Books

Find us on the map